| 000 | 01083 a2200253 4500 | ||
|---|---|---|---|
| 003 | OSt | ||
| 005 | 20180116192401.0 | ||
| 008 | 120702t xxu||||| |||| 00| 0 eng d | ||
| 020 | _a0714839663 (paperback) | ||
| 020 | _a9780714839660 (paperback) | ||
| 040 | _c0 | ||
| 082 | 0 | 4 | _a759.5 |
| 100 | 1 |
_aPuglisi, Catherine. _95091 |
|
| 245 | 1 | 0 |
_aCaravaggio / _cCatherine Puglisi. |
| 260 |
_aLondon : _bPhaidon Press, _c2000. |
||
| 300 |
_a448 p. : _bill. ; _c25 cm. |
||
| 520 | _aMichelangelo Merisi da Caravaggio (1571-1610) has been rescued from neglect to emerge as something of a cult figure, celebrated for his boldly original art and for his short, violent and troubled life. This monograph on the artist's life and work is issued here in paperback format. | ||
| 650 | 1 | 0 |
_aPainting, Italian _95092 |
| 650 | 1 | 0 |
_aPainting, Renaissance _95093 |
| 651 | 0 |
_aItaly _xPainters _95094 |
|
| 856 | 4 | 0 |
_3Amazon.com _uhttp://www.amazon.com/exec/obidos/ASIN/0714839663/chopaconline-20 |
| 942 |
_aSADA _cBK _k759.5 PUG 2000 _2ddc |
||
| 999 |
_c353309 _d353309 |
||